000 00647nam a2200241 i 4500
001 C2-0148281
003 PPAK
005 20180727131505.0
008 980319s1980 enka|||| ||||| | eng d
020 _a0222007915
040 _aPPAK
_beng
_cPPAK
_erda
082 0 4 _a591.59
_223
090 0 0 _a591.59
_bCOL
_dR
100 1 _aColombo, Federica,
_eauthor
245 1 0 _aAnimal migration
264 1 _aLondon :
_bBurker Books ,
_c1980
300 _a89 pages :
_bcolour illustrations ;
_c27 cm
336 _2rdacontent
_atext
337 _2rdamedia
_aunmediated
338 _2rdacarrier
_avolume
650 1 0 _aAnimals migration
942 _ddc
_cB
999 _c46901
_d46901